Online Catalogue and eLibrary

Barathy pootiya pannarum upanidatha nool (Record no. 956)

MARC details
000 -LEADER
fixed length control field 00381nam a2200157Ia 4500
005 - DATE AND TIME OF LATEST TRANSACTION
control field 20250424054237.0
008 - FIXED-LENGTH DATA ELEMENTS--GENERAL INFORMATION
fixed length control field 240331s9999 xx 000 0 und d
020 ## - INTERNATIONAL STANDARD BOOK NUMBER
ISBN
082 ## - DDC Classification
Class No. 294.5
Item Number - Author Mark RAJ
100 ## - MAIN ENTRY--PERSONAL NAME
Personal name Raju, T.S
245 #0 - TITLE STATEMENT
Title Barathy pootiya pannarum upanidatha nool
260 ## - PUBLICATION, DISTRIBUTION, ETC.
Place of publication, distribution, etc. Chennai
Name of publisher, distributor, etc. Neru Achagum
Date of publication, distribution, etc. 1982
300 ## - PHYSICAL DESCRIPTION
Extent (e.g. Volumes, Pages etc.) 144 p .,
500 ## - GENERAL NOTE
General note Ubanitatha nool
942 ## - Koha item type (Biblio)
Koha item type Books in Stacks (Lending)
Holdings
Lost status Damaged status Collection code Home library Current library Shelving location Date acquired Full call number Accession Number Item type
    Lending WERC Library WERC Library Social Science Cupboard 03/31/2024 294.5 RAJ 2615 Books in Stacks (Lending)

© WERC Library